| 000 | 00354nam a2200133Ia 4500 | ||
|---|---|---|---|
| 008 | 150202s9999 xx 000 0 und d | ||
| 020 | _a037316856X | ||
| 050 |
_aFIC _bFIC |
||
| 100 | _aLennox, Kara. | ||
| 245 |
_aTwin expectations / _cKara Lennox. |
||
| 260 |
_aCanada : _bStripped Books, _c2000. |
||
| 300 |
_a250 pages : _c18 cm. |
||
| 650 | _aFiction. | ||
| 999 |
_c282175 _d282175 |
||